Statystyki dla Najlepsze państwa w konkursach piękności

Kliknij tutaj aby rozwiązać quiz!

Ogólne statystyki

  • Ten quiz został rozwiązany 3,052 razy
  • Średni wynik to 8 z 12

Statystyki odpowiedzi

# Kraj % poprawnych
24Stany Zjednoczone
(wliczając Portoryko)
98%
6Brazylia
86%
5Hiszpania
82%
5Meksyk
73%
10Wielka Brytania
72%
7Australia
64%
9Indie
61%
5Kolumbia
57%
6Szwecja
50%
23Wenezuela
48%
6Południowa Afryka
43%
15Filipiny
26%

Rozkład punktacji

Percentyl według liczby udzielonych odpowiedzi

Procent ludzi z każdym wynikiem

Twoja historia wyników

Nie rozwiązałeś tego quizu